Les régions les plus riches du Luxembourg - Statistiques

Statistiques générales
  • Ce quiz a été pris 7 fois
  • Le résultat moyen est 3 sur 12
Statistiques - réponses
PIB par hab. Canton % Correct
245,125 Luxembourg
100%
176,125 Esch-sur-Alzette
71%
136,215 Mersch
29%
118,254 Capellen
14%
88,965 Diekirch
14%
81,235 Echternach
14%
60,210 Vianden
14%
66,235 Wiltz
14%
85,621 Clervaux
0%
97,856 Grevenmacher
0%
72,325 Redange
0%
92,625 Remich
0%
Aucun quiz correspondant
Distribution des résultats
% des personnes avec chaque résultat
Percentile par nombre de réponses
Votre historique - résultats
Vous n’avez pas pris ce quiz